Statistics for Nordic cities with over 100.000 registered inhabitants

Click here to take the quiz!

General Stats

  • This quiz has been taken 98 times
  • The average score is 17 of 24

Answer Stats

HintAnswer% Correct
DenmarkCopenhagen
98%
NorwayOslo
97%
FinlandHelsinki
96%
SwedenStockholm
96%
SwedenMalmö
91%
IcelandReykjavík
91%
NorwayBergen
87%
SwedenGothenburg
87%
NorwayTrondheim
83%
FinlandTampere
81%
FinlandTurku
78%
FinlandOulu
76%
DenmarkAalborg
72%
SwedenUppsala
72%
DenmarkOdense
71%
DenmarkÅrhus
69%
FinlandEspoo
66%
NorwayStavanger
66%
FinlandVantaa
52%
FinlandLahti
46%
FinlandJyväskylä
45%
SwedenÖrebro
45%
SwedenVästerås
42%
SwedenEskilstuna
12%

Score Distribution

Percentile by Number Answered

Percent of People with Each Score

Your Score History

You have not taken this quiz